000 00562nam a2200181Ia 4500
003 GCL
008 140319s9999 xx 000 0 ara d
040 _aGCL /
_cGCL
082 0 4 _a370.1
_bم ن
100 1 _aمحمد سيف الدين فهمى
245 1 0 _aالنظرية التربوية واصولها الفلسفية والنفسية /
_cمحمد سيف الدين فهمى
300 _a144 ص
490 _a
650 0 4 _aالتربية
650 0 4 _aعلم النفس التربوى
650 0 4 _aالتربية والتعليم
942 _2ddc
_cBK
999 _c41088
_d41088